00380nam a2200121Ia 4500082002400000100002800024245005800052260003200110300001300142650003500155650003800190650003000228 aRR 025.210954 MOO-; aMookerjee, Subobh Kumar 0aDevelopment of libraries and library science in India aCalcuttabWorld Pressc1969 ax, 534p. aLibrary administration - India aLibrary science - History - India aLibrary education - India